Garner's law of sewers and drains (Record no. 102903)

MARC details
000 -LEADER
fixed length control field 01314cam a2200277 4500
008 - FIXED-LENGTH DATA ELEMENTS--GENERAL INFORMATION
fixed length control field #DATE n2003 000 0 eng u
020 ## - INTERNATIONAL STANDARD BOOK NUMBER
International Standard Book Number 0721905846
035 ## - SYSTEM CONTROL NUMBER
System control number (Sirsi) u122667
041 ## - LANGUAGE CODE
Language code of text/sound track or separate title eng.
050 ## - LIBRARY OF CONGRESS CALL NUMBER
Classification number 344.410462
100 ## - MAIN ENTRY--PERSONAL NAME
Personal name Garner, J. F.
245 ## - TITLE STATEMENT
Title Garner's law of sewers and drains
Statement of responsibility, etc. [old edition]
250 ## - EDITION STATEMENT
Edition statement 9th ed.
260 ## - PUBLICATION, DISTRIBUTION, ETC.
Place of publication, distribution, etc. Crayford
Name of publisher, distributor, etc. Shaw and Sons Limited
Date of publication, distribution, etc. 2003
300 ## - PHYSICAL DESCRIPTION
Extent 395p.
Dimensions 22cm.
350 ## - PRICE (NR) (BK AM CF MU VM SE) [OBSOLETE]
Price 34.95
520 ## - SUMMARY, ETC.
Summary, etc. This new edition takes account of the large number of legislative changes and developments in case law since August 1995. These include the establishment of the Environment Agency; provisions of the Water Act 2003 that will reshape arrangements for regulation of the water industry and extend the responsibility of sewerage undertakers for lateral drains; and important case law on such topics as the tort liability of sewerage undertakers, the interpretation and application of relevant provisions of the Water Industry Act 1991 and the water pollution offences under the Water Resources Act 1991
520 ## - SUMMARY, ETC.
Summary, etc. Supersedes 8th ed. (ISBN 0721905838)
650 ## - SUBJECT ADDED ENTRY--TOPICAL TERM
Topical term or geographic name entry element DRAINAGE
650 ## - SUBJECT ADDED ENTRY--TOPICAL TERM
Topical term or geographic name entry element WATER
650 ## - SUBJECT ADDED ENTRY--TOPICAL TERM
Topical term or geographic name entry element WATER INDUSTRY ACT 1991
650 ## - SUBJECT ADDED ENTRY--TOPICAL TERM
Topical term or geographic name entry element WATER RESOURCES ACT 1991
690 ## - LOCAL SUBJECT ADDED ENTRY--TOPICAL TERM (OCLC, RLIN)
Topical term or geographic name as entry element PROPERTY
700 ## - ADDED ENTRY--PERSONAL NAME
Personal name Bailey, S. H.
942 ## - ADDED ENTRY ELEMENTS (KOHA)
Suppress in OPAC 0
Source of classification or shelving scheme Dewey Decimal Classification
Holdings
Withdrawn status Lost status Source of classification or shelving scheme Damaged status Not for loan Home library Current library Shelving location Date acquired Cost, normal purchase price Total Checkouts Full call number Barcode Date last seen Date last checked out Copy number Cost, replacement price Price effective from Koha item type Public note
    Dewey Decimal Classification     London London Basement 23/06/2004 35.00 12 344.410462 GAR 30069296 06/08/2019 15/12/2008 1 35.00 06/08/2019 Book Old edition